Picturequiz Musicians #1 - Statistics

General Stats
  • This quiz has been taken 961 times
  • The average score is 13 of 16
Answer Stats
Picture Hint Answer % Correct
The Most Beautiful Moment in Life Kim Tae-hyung
98%
Billie Jean Michael Jackson
97%
Jailhouse Rock Elvis Presley
96%
Imagine John Lennon
96%
Stan Eminem
94%
What a Wonderful World Louis Armstrong
93%
Sign of the Times Harry Styles
92%
5th Ludwig van Beethoven
91%
The Magic Flute Wolfgang Amadeus Mozart
88%
99 Problems Jay-Z
83%
Hope Of Deliverance Paul McCartney
82%
Summertime Aretha Franklin
73%
Treat You Better Shawn Mendes
69%
The Times They Are a Changin' Bob Dylan
62%
Happy Birthday Stevie Wonder
62%
So What Miles Davis
21%
No matching quizzes found
Score Distribution
Percent of People with Each Score
Percentile by Number Answered
Your Score History
You have not taken this quiz